000 01276nam a2200397 c 4500
999 _c50772
_d50772
001 50772
003 ES-MaCES
005 20180606133826.0
008 180606s2018 sp 000 | spa d
017 _aAB 308-2018
_bDL
020 _a9788417310189
040 _aES-MaCES
_bspa
_cES-MaCES
100 1 _aSuárez Corujo, Borja
_924526
245 1 3 _aEl Derecho a la revalorización de las pensiones
_cBorja Suárez Corujo
250 _a1ª ed
260 _aAlbacete
_bBomarzo
_c2018
300 _a143 p.
_c21 cm
490 1 _aBásicos de Derecho social
_v100
541 _cCompra
650 4 _arégimen de pensión
_927042
650 4 _apoder adquisitivo
_927113
650 4 _ainflación
_928097
650 4 _aadministración de la seguridad social
_930264
650 4 _areforma de la seguridad social
_930668
650 4 _alegislación de seguridad social
_929855
650 4 _aderecho constitucional
_927158
650 4 _aderecho jurisprudencial
_929863
650 4 _aderecho comunitario
_929866
650 4 _aderecho comparado
_929868
650 4 _aEspaña
_926964
650 4 _aUE
_926752
653 1 0 _aDerecho del trabajo y Seguridad Social
830 0 _aBásicos de Derecho social
_v100
_933978
902 _aLIB Libro
942 _2CES
_cBK
_h6.0.1.